[Event "Dulles Cherry Blossom op"]
[Site "Dulles"]
[Date "2018.05.26"]
[Round "2"]
[White "Foisor, Sabina Francesca"]
[Black "Treger, Effim"]
[Result "1-0"]
[WhiteElo "2305"]
[BlackElo "2129"]
[PlyCount "65"]
[EventDate "2018.05.25"]
[EventType "swiss"]
[EventRounds "7"]
[EventCountry "USA"]
[SourceTitle "CBM 184 Extra"]
[Source "ChessBase"]
[SourceDate "2018.06.28"]
[SourceVersion "1"]
[SourceVersionDate "2018.06.28"]
[SourceQuality "1"]

1. d4 g6 2. c4 Bg7 3. g3 d6 4. Bg2 Nf6 5. Nc3 c6 6. e4 h5 7. h3 Na6 8. Be3 Be6 9. d5 Bd7 10. Nge2 c5 11. Qd2 Qa5 12. f4 Ng8 13. 0-0 0-0-0 14. a3 Qc7 15. Rab1 b6 16. b4 f5 17. Nb5 Qb8 18. bxc5 Nxc5 19. e5 Bxb5 20. Rxb5 Qc7 21. Nd4 dxe5 22. Rxc5 Qxc5 23. Nb5 a6 24. Bxc5 bxc5 25. Qa5 axb5 26. Qa8+ Kc7 27. Qc6+ Kb8 28. Qxb5+ Ka7 29. Qxc5+ Ka8 30. Qa5+ Kb7 31. Rb1+ Kc8 32. Qc5+ Kd7 33. Qc6# 1-0

[Event "Charlotte Southeastern op 3rd"]
[Site "Charlotte"]
[Date "2016.12.17"]
[Round "3"]
[White "Treger, Effim"]
[Black "Zapata, Alonso"]
[Result "0-1"]
[WhiteElo "2190"]
[BlackElo "2414"]
[PlyCount "78"]
[EventDate "2016.12.16"]
[EventType "swiss"]
[EventRounds "5"]
[EventCountry "USA"]
[SourceTitle "CBM 176 Extra"]
[Source "ChessBase"]
[SourceDate "2017.03.02"]
[SourceVersion "1"]
[SourceVersionDate "2017.03.02"]
[SourceQuality "1"]

1. e4 c5 2. Nf3 e6 3. c3 Nf6 4. d3 Nc6 5. Qe2 d6 6. g3 g6 7. Bg2 Bg7 8. 0-0 0-0 9. Bf4 e5 10. Bg5 h6 11. Bxf6 Qxf6 12. Na3 Be6 13. Nc4 Qd8 14. a4 a6 15. Nfd2 b5 16. Ne3 Rb8 17. axb5 axb5 18. f4 exf4 19. gxf4 Bd7 20. Ra6 Re8 21. Qf2 b4 22. Nd5 bxc3 23. bxc3 Rb2 24. Qe1 Bc8 25. Ra8 Rb8 26. Rxb8 Nxb8 27. Qg3 Bb7 28. f5 g5 29. f6 Bxd5 30. fxg7 Be6 31. Nc4 Bxc4 32. dxc4 Nc6 33. e5 Nxe5 34. Bd5 Qe7 35. Qh3 Kxg7 36. Kh1 Rf8 37. Qf5 Ng6 38. Qg4 f5 39. Qg1 Qe5 0-1

[Event "New York State-ch 133rd"]
[Site "Colonie"]
[Date "2011.09.05"]
[Round "6"]
[White "Chandran, Kapil"]
[Black "Treger, Effim"]
[Result "0-1"]
[WhiteElo "2084"]
[BlackElo "2191"]
[PlyCount "88"]
[EventDate "2011.09.02"]
[EventType "swiss"]
[EventRounds "6"]
[EventCountry "USA"]
[SourceTitle "CBM 144 Extra"]
[Source "ChessBase"]
[SourceDate "2011.10.28"]
[SourceVersion "1"]
[SourceVersionDate "2011.10.28"]
[SourceQuality "1"]

1. e4 g6 2. d4 Bg7 3. Nc3 a6 4. a4 d6 5. Nf3 Bg4 6. Be2 Nc6 7. d5 Bxf3 8. Bxf3 Nd4 9. Bg4 c5 10. 0-0 Nf6 11. Bh3 b5 12. Qd3 0-0 13. axb5 axb5 14. Rxa8 Qxa8 15. Nxb5 Nxb5 16. Qxb5 Nxe4 17. Qd3 f5 18. f3 Nf6 19. c4 Nd7 20. Qe2 Bd4+ 21. Kh1 Rf7 22. g4 Ne5 23. gxf5 gxf5 24. Be3 Bxe3 25. Qxe3 Qf8 26. b3 f4 27. Qe4 Kh8 28. Be6 Rf6 29. b4 cxb4 30. c5 Qb8 31. c6 b3 32. Rg1 Rg6 33. Rb1 Qa7 34. Qxf4 Kg7 35. Qd2 Nxf3 36. Qc3+ Ne5 37. c7 Qf2 38. Bh3 Qe2 39. Re1 b2 40. Rxe2 b1Q+ 41. Re1 Qa2 42. Qe3 Qxd5+ 43. Qe4 Nd3 44. Bg4 Rxg4 0-1

[Event "Philadelphia National op 41st"]
[Site "Philadelphia"]
[Date "2010.11.28"]
[Round "5"]
[White "Treger, Effim"]
[Black "Miller, Jake"]
[Result "1-0"]
[WhiteElo "2190"]
[BlackElo "1946"]
[PlyCount "77"]
[EventDate "2010.11.26"]
[EventType "swiss"]
[EventRounds "6"]
[EventCountry "USA"]
[SourceTitle "CBM 139 Extra"]
[Source "ChessBase"]
[SourceDate "2011.01.05"]
[SourceVersion "1"]
[SourceVersionDate "2011.01.05"]
[SourceQuality "1"]

1. e4 c5 2. Nf3 Nc6 3. Bc4 e6 4. Nc3 a6 5. 0-0 b5 6. Bd5 Nf6 7. Re1 Be7 8. Bxc6 dxc6 9. e5 Nd5 10. d3 Bb7 11. Ne4 Nb6 12. Bg5 Ra7 13. Nd6+ Kf8 14. Qd2 Nc8 15. Bxe7+ Qxe7 16. Qf4 h6 17. Nd2 g5 18. Nxc8 Bxc8 19. Qf3 Rd7 20. Ne4 Bb7 21. Qe3 Rd5 22. Nf6 Rd4 23. c3 Rd8 24. Rad1 b4 25. Rf1 a5 26. f4 gxf4 27. Rxf4 Ba6 28. c4 Qa7 29. Rh4 Ke7 30. Qf2 Rd4 31. Ne4 Kf8 32. Qf6 Rg8 33. Qxh6+ Ke7 34. Qf6+ Kf8 35. Rh8 Rxh8 36. Qxh8+ Ke7 37. Qf6+ Kf8 38. Nd6 Qd7 39. Rf1 1-0

[Event "Philadelphia National op 41st"]
[Site "Philadelphia"]
[Date "2010.11.28"]
[Round "6"]
[White "Williams, Justus D"]
[Black "Treger, Effim"]
[Result "1-0"]
[WhiteElo "2158"]
[BlackElo "2190"]
[PlyCount "87"]
[EventDate "2010.11.26"]
[EventType "swiss"]
[EventRounds "6"]
[EventCountry "USA"]
[SourceTitle "CBM 139 Extra"]
[Source "ChessBase"]
[SourceDate "2011.01.05"]
[SourceVersion "1"]
[SourceVersionDate "2011.01.05"]
[SourceQuality "1"]

1. Nf3 Nf6 2. c4 g6 3. g3 Bg7 4. Bg2 0-0 5. 0-0 d6 6. Nc3 Nc6 7. d4 Bg4 8. h3 Bxf3 9. Bxf3 Nd7 10. e3 Nb6 11. Be2 h5 12. Ne4 a5 13. f4 Nxc4 14. d5 Nxb2 15. Bxb2 Bxb2 16. Rb1 Bg7 17. dxc6 bxc6 18. Bf3 d5 19. Nc5 e5 20. Qa4 h4 21. Qxc6 hxg3 22. Bxd5 Qh4 23. Kg2 Rad8 24. Nd7 e4 25. Nxf8 Qh5 26. Nd7 Qe2+ 27. Kxg3 Qxe3+ 28. Kg2 Qd2+ 29. Rf2 Qd4 30. Bxf7+ Kxf7 31. Ne5+ Kg8 32. Qc4+ Kh7 33. Qxd4 Rxd4 34. Re2 g5 35. Rbe1 gxf4 36. Rxe4 Bxe5 37. Rxe5 Ra4 38. R5e4 Rxa2+ 39. R1e2 Ra3 40. Rxf4 Kg6 41. Rc4 a4 42. Rxc7 Rb3 43. Ra7 a3 44. Ra2 1-0

[Event "Philadelphia National op 39th"]
[Site "Philadelphia"]
[Date "2008.11.29"]
[Round "3"]
[White "Foisor, Sabina Francesca"]
[Black "Treger, Effim"]
[Result "1/2-1/2"]
[WhiteElo "2316"]
[BlackElo "2218"]
[PlyCount "138"]
[EventDate "2008.11.28"]
[EventType "swiss"]
[EventRounds "6"]
[EventCountry "USA"]
[SourceTitle "CBM 127 Extra"]
[Source "ChessBase"]
[SourceDate "2009.01.08"]
[SourceVersion "2"]
[SourceVersionDate "2009.01.28"]
[SourceQuality "1"]

1. d4 g6 2. c4 Bg7 3. Nc3 d6 4. e4 e5 5. d5 Nf6 6. f3 Nfd7 7. Bd3 Na6 8. Be3 Bh6 9. Bxh6 Qh4+ 10. g3 Qxh6 11. Qd2 Qg7 12. 0-0-0 Ndc5 13. Bc2 Nb4 14. Nb5 Nxc2 15. Kxc2 f5 16. b4 Na4 17. Kb3 a6 18. Nc3 Nxc3 19. Qxc3 0-0 20. exf5 b5 21. c5 gxf5 22. Ne2 c6 23. Kb2 a5 24. Qb3 Re8 25. Rhe1 axb4 26. cxd6 c5 27. Qe3 Qa7 28. Nc1 c4 29. Qxa7 Rxa7 30. Re3 Kf7 31. g4 Ra6 32. a3 f4 33. Re4 bxa3+ 34. Ka2 Rxd6 35. Ne2 Bd7 36. Kxa3 Ra6+ 37. Kb4 Rh6 38. Ra1 Re7 39. Kc5 Be8 40. d6 Rd7 41. Rd1 Re6 42. Nc3 b4 43. Nb5 Rb7 44. Nc7 c3 45. Nxe6 Rb5+ 46. Kc4 Kxe6 47. Kb3 Bc6 48. Rxb4 c2 49. Rc1 Rxb4+ 50. Kxb4 Kxd6 51. Rxc2 Bxf3 52. Rd2+ Ke6 53. h3 e4 54. Kc4 e3 55. Rb2 e2 56. Rb1 Be4 57. Re1 f3 58. Kd4 f2 59. Rxe2 f1Q 60. Rxe4+ Kf6 61. Re3 Qf4+ 62. Kd3 Kg5 63. Ke2 Qh2+ 64. Kd3 Qf4 65. Ke2 Qh2+ 66. Kd3 Kh4 67. Ke4 Qg2+ 68. Kf4 Qf2+ 69. Ke4 Qg2+ 1/2-1/2

[Event "New York State-ch 130th"]
[Site "Colonie"]
[Date "2008.08.31"]
[Round "4"]
[White "Rabin, Evan Z"]
[Black "Treger, Effim"]
[Result "1/2-1/2"]
[WhiteElo "1985"]
[BlackElo "2218"]
[PlyCount "67"]
[EventDate "2008.08.30"]
[EventType "swiss"]
[EventRounds "6"]
[EventCountry "USA"]
[SourceTitle "CBM 126 Extra"]
[Source "ChessBase"]
[SourceDate "2008.11.05"]
[SourceVersion "1"]
[SourceVersionDate "2008.11.05"]
[SourceQuality "1"]

1. d4 g6 2. Nf3 Bg7 3. Bf4 d6 4. e3 Bg4 5. Be2 Nd7 6. c3 Ngf6 7. h3 Bxf3 8. Bxf3 c6 9. Nd2 0-0 10. 0-0 Re8 11. Bh2 e5 12. Nc4 Nb6 13. dxe5 Nxc4 14. exf6 Qxf6 15. Qc2 d5 16. Rad1 Qe7 17. Rfe1 Be5 18. Bxe5 Nxe5 19. Be2 f5 20. c4 Qc5 21. Rc1 dxc4 22. Bxc4+ Nxc4 23. Qxc4+ Qxc4 24. Rxc4 Rad8 25. b4 Rd2 26. a4 Re4 27. Rxe4 fxe4 28. Rc1 Rd7 29. Rc4 Re7 30. Kh2 Kf7 31. Kg3 Re5 32. Rd4 Ke7 33. Kf4 Rf5+ 34. Kg3 1/2-1/2

[Event "New York Marshall CC-ch 91st"]
[Site "New York"]
[Date "2007.12.15"]
[Round "7"]
[White "Zenyuk, Iryna"]
[Black "Treger, Effim"]
[Result "1/2-1/2"]
[WhiteElo "2197"]
[BlackElo "2239"]
[PlyCount "114"]
[EventDate "2007.12.07"]
[EventType "swiss"]
[EventRounds "9"]
[EventCountry "USA"]
[SourceTitle "CBM 122 Extra"]
[Source "ChessBase"]
[SourceDate "2008.03.04"]
[SourceVersion "1"]
[SourceVersionDate "2008.03.04"]
[SourceQuality "1"]

1. d4 g6 2. c4 Bg7 3. Nf3 d6 4. e4 Bg4 5. d5 Nf6 6. Nc3 0-0 7. Be2 Nbd7 8. Nd2 Bxe2 9. Qxe2 e5 10. 0-0 Nh5 11. g3 Bh6 12. b4 b6 13. Nb3 Bxc1 14. Raxc1 Qg5 15. Kh1 f5 16. exf5 gxf5 17. c5 Nhf6 18. cxd6 cxd6 19. Nd2 e4 20. Nb5 f4 21. Nxe4 Nxe4 22. Qxe4 Rae8 23. Qd3 Re5 24. Nxd6 Qd8 25. Rc6 Nf6 26. gxf4 Rxd5 27. Qg3+ Kh8 28. f5 Qd7 29. Rg1 Rxf5 30. Nxf5 Qxc6+ 31. f3 Nh5 32. Qg8+ Rxg8 33. Rxg8+ Kxg8 34. Ne7+ Kf7 35. Nxc6 a6 36. a4 Nf4 37. a5 bxa5 38. bxa5 Nd3 39. Kg2 Ke6 40. Kg3 Kd5 41. Nb8 Nc5 42. Kg4 Nb3 43. Nxa6 Nxa5 44. Kg5 Nc6 45. f4 Ke6 46. Nc7+ Kf7 47. h4 Nd4 48. h5 Ne2 49. Nd5 Ke6 50. Ne3 h6+ 51. Kg4 Nd4 52. Kg3 Kf7 53. Ng4 Nf5+ 54. Kf3 Ke6 55. Ne3 Nd6 56. Kg4 Kf6 57. f5 Ke5 1/2-1/2

[Event "New York Marshall CC-ch 91st"]
[Site "New York"]
[Date "2007.12.09"]
[Round "4"]
[White "Hess, Robert L"]
[Black "Treger, Effim"]
[Result "1-0"]
[WhiteElo "2439"]
[BlackElo "2239"]
[PlyCount "53"]
[EventDate "2007.12.07"]
[EventType "swiss"]
[EventRounds "9"]
[EventCountry "USA"]
[SourceTitle "CBM 122 Extra"]
[Source "ChessBase"]
[SourceDate "2008.03.04"]
[SourceVersion "1"]
[SourceVersionDate "2008.03.04"]
[SourceQuality "1"]

1. e4 g6 2. d4 Bg7 3. Nc3 d6 4. Bg5 h6 5. Bh4 c6 6. Qd2 Nd7 7. f4 b5 8. e5 Nb6 9. Nf3 Bf5 10. Bd3 Nc4 11. Qe2 Nxb2 12. Bxf5 gxf5 13. 0-0 Qd7 14. Rfb1 b4 15. Rxb2 bxc3 16. Rb3 dxe5 17. dxe5 Rd8 18. Rxc3 Qb7 19. Rb3 Qc8 20. Rab1 Qe6 21. Rb8 Qxa2 22. Nd4 Rxb8 23. Rxb8+ Kd7 24. Qd1 Kc7 25. Ne6+ Kxb8 26. Qd8+ Kb7 27. Nc5# 1-0

[Event "New York Marshall CC-ch 90th"]
[Site "New York"]
[Date "2006.12.09"]
[Round "6"]
[White "Treger, Effim"]
[Black "Waxman, Marian"]
[Result "1/2-1/2"]
[WhiteElo "2232"]
[BlackElo "2033"]
[PlyCount "42"]
[EventDate "2006.12.01"]
[EventType "swiss"]
[EventRounds "9"]
[EventCountry "USA"]
[SourceTitle "CBM 115 Extra"]
[Source "ChessBase"]
[SourceDate "2007.01.10"]
[SourceVersion "1"]
[SourceVersionDate "2007.01.10"]
[SourceQuality "1"]

1. e4 e5 2. Bc4 Nf6 3. Nf3 Nc6 4. Qe2 Bc5 5. Ng5 d5 6. exd5 Nxd5 7. Nxf7 Kxf7 8. Qf3+ Ke6 9. Nc3 Nce7 10. Ne4 Bd6 11. Ng5+ Kd7 12. Nf7 Rf8 13. Bxd5 Nxd5 14. Qxd5 Qf6 15. Nxd6 Qxf2+ 16. Kd1 cxd6 17. d3 Kc7 18. Bd2 Bd7 19. Be1 Qe3 20. Bd2 Qf2 21. Be1 Qe3 1/2-1/2

[Event "New York Marshall CC-ch 88th"]
[Site "New York"]
[Date "2004.12.17"]
[Round "7"]
[White "Thaler, Michael"]
[Black "Treger, Effim"]
[Result "1/2-1/2"]
[WhiteElo "2093"]
[BlackElo "2233"]
[PlyCount "69"]
[EventDate "2004.12.11"]
[EventType "swiss"]
[EventRounds "9"]
[EventCountry "USA"]
[SourceTitle "CBM 103 Extra"]
[Source "ChessBase"]
[SourceDate "2005.01.01"]
[SourceVersion "1"]
[SourceVersionDate "2005.01.01"]
[SourceQuality "1"]

1. e4 g6 2. d4 Bg7 3. Nc3 d6 4. Be3 c6 5. Qd2 b5 6. Bd3 Nd7 7. f4 Nb6 8. Qe2 Rb8 9. Nb1 Na4 10. b3 Nb2 11. Nf3 Bg4 12. 0-0 Nxd3 13. Qxd3 Bxf3 14. Rxf3 d5 15. f5 dxe4 16. Qxe4 Rc8 17. Nc3 Nf6 18. Qh4 Nd5 19. Nxd5 cxd5 20. Bh6 Bf6 21. Bg5 Bxg5 22. Qxg5 Qb6 23. Re3 0-0 24. fxg6 hxg6 25. c3 b4 26. Rh3 Rxc3 27. Rh4 Qf6 28. Qh6 Qg7 29. Qg5 Rfc8 30. Qxe7 a5 31. Re1 Rc1 32. Rxc1 Rxc1+ 33. Kf2 Rc8 34. g3 Qf8 35. Qf6 1/2-1/2

[Event "New York Marshall CC-ch 88th"]
[Site "New York"]
[Date "2004.12.11"]
[Round "1"]
[White "Treger, Effim"]
[Black "Stripunsky, Alexander"]
[Result "0-1"]
[WhiteElo "2233"]
[BlackElo "2533"]
[PlyCount "102"]
[EventDate "2004.12.11"]
[EventType "swiss"]
[EventRounds "9"]
[EventCountry "USA"]
[SourceTitle "CBM 103 Extra"]
[Source "ChessBase"]
[SourceDate "2005.01.01"]
[SourceVersion "1"]
[SourceVersionDate "2005.01.01"]
[SourceQuality "1"]

1. e4 c5 2. Nf3 e6 3. Na3 Nc6 4. e5 d6 5. Bb5 Bd7 6. exd6 Bxd6 7. b3 Nge7 8. Bb2 Nf5 9. Nc4 Bc7 10. Ne3 Nfd4 11. Bd3 0-0 12. h4 f5 13. Kf1 Nxf3 14. Qxf3 Be5 15. Nc4 Bxb2 16. Nxb2 Qf6 17. c3 Ne5 18. Qe2 Bc6 19. Re1 Ng6 20. Qe3 e5 21. f3 Rad8 22. Bc4+ Kh8 23. h5 Nf4 24. g3 Nd5 25. Qxe5 Qh6 26. Bxd5 Rxd5 27. Qe2 Rdd8 28. Qe3 f4 29. gxf4 Rxf4 30. Rh3 Qf6 31. Nd3 Re4 32. Qf2 Rxd3 33. Rxe4 Bxe4 34. Qxc5 Bxf3 35. Qc8+ Rd8 36. Qxd8+ Qxd8 37. Rxf3 h6 38. d4 Qg5 39. Ke2 Qxh5 40. c4 Qg4 41. Ke3 h5 42. d5 h4 43. Rf4 Qg3+ 44. Rf3 Qe5+ 45. Kd2 g5 46. Rd3 Qf4+ 47. Kd1 Kg7 48. d6 h3 49. d7 h2 50. Rh3 Qg4+ 51. Kc2 Qg2+ 0-1

[Event "World op 32nd"]
[Site "Philadelphia"]
[Date "2004.07.03"]
[Round "4"]
[White "Treger, Effim"]
[Black "Bartholomew, John"]
[Result "0-1"]
[WhiteElo "2248"]
[BlackElo "2342"]
[PlyCount "120"]
[EventDate "2004.07.01"]
[EventType "swiss"]
[EventRounds "9"]
[EventCountry "USA"]
[SourceTitle "CBM 101 Extra"]
[Source "ChessBase"]
[SourceDate "2004.09.01"]
[SourceVersion "2"]
[SourceVersionDate "2004.09.01"]
[SourceQuality "1"]

1. e4 d5 2. exd5 Qxd5 3. Nc3 Qa5 4. b4 Qxb4 5. Nb5 Qa5 6. Qh5 Nc6 7. Bc4 e6 8. a4 a6 9. Ra2 Nf6 10. Qg5 Rb8 11. c3 Qb6 12. Na3 Qc5 13. h4 h6 14. Qxc5 Bxc5 15. d4 Bd6 16. Bd3 0-0 17. Nc4 e5 18. Nxd6 cxd6 19. Ba3 Rd8 20. Ne2 Be6 21. Rb2 Na5 22. Bb4 Nc4 23. Bxc4 Bxc4 24. Rh3 Nd5 25. a5 Bxe2 26. Kxe2 Nf4+ 27. Ke3 Nxh3 28. gxh3 Rbc8 29. f4 exf4+ 30. Kxf4 Rc7 31. Re2 Kf8 32. Rd2 Re7 33. c4 Ke8 34. h5 Re6 35. Rg2 g6 36. d5 Rf6+ 37. Ke3 g5 38. h4 gxh4 39. Rh2 Kd7 40. Rxh4 Re8+ 41. Kd4 Rf5 42. c5 Ree5 43. cxd6 Rxd5+ 44. Kc3 Rxh5 45. Rc4 Rxd6 46. Bxd6 Kxd6 47. Rf4 Ke6 48. Kb4 Rb5+ 49. Ka4 h5 50. Re4+ Kf5 51. Re7 Kg6 52. Re4 f5 53. Re8 f4 54. Rg8+ Kf5 55. Rg7 f3 56. Rg8 Kf4 57. Rg7 f2 58. Rf7+ Rf5 59. Rxb7 f1Q 60. Rb4+ Kg5 0-1

[Event "New York Marshall CC-ch 87th"]
[Site "New York"]
[Date "2003.12.13"]
[Round "7"]
[White "Hellenschmidt, Andrew"]
[Black "Treger, Effim"]
[Result "1-0"]
[WhiteElo "2018"]
[BlackElo "2246"]
[PlyCount "213"]
[EventDate "2003.12.07"]
[EventType "swiss"]
[EventRounds "9"]
[EventCountry "USA"]
[SourceTitle "CBM 097 Extra"]
[Source "ChessBase"]
[SourceDate "2004.01.13"]
[SourceVersion "1"]
[SourceVersionDate "2004.01.13"]
[SourceQuality "1"]

1. e4 g6 2. d4 Bg7 3. Nc3 d6 4. Be3 c6 5. f3 Qb6 6. Rb1 h5 7. Nge2 h4 8. Qd2 Qd8 9. a4 d5 10. exd5 cxd5 11. Nc1 Nh6 12. Bd3 Nc6 13. N3e2 a5 14. c3 Bf5 15. 0-0 Qd7 16. b3 Kf8 17. Re1 Bxd3 18. Nxd3 Nf5 19. Bf2 Bh6 20. Qb2 h3 21. g4 Ne3 22. Nef4 Bxf4 23. Bxe3 Bxe3+ 24. Rxe3 Kg7 25. Nc5 Qc8 26. Rbe1 e6 27. Nd3 Qd8 28. Nc5 b6 29. Nd3 Qh4 30. Qe2 Rac8 31. Ne5 Nxe5 32. dxe5 Qe7 33. Rd3 Qg5 34. Qe3 Qh4 35. Qf2 Qd8 36. f4 Rh4 37. Rg3 Rc5 38. f5 Qg5 39. fxe6 fxe6 40. Rf1 Qe7 41. Qf6+ Qxf6 42. Rxf6 Rc6 43. Kf2 Kh6 44. g5+ Kh5 45. Rf7 Rg4 46. Rxh3+ Kxg5 47. Rff3 Rf4 48. Ke2 Re4+ 49. Kd3 Rxe5 50. Rhg3+ Kh6 51. Rf6 Rg5 52. Re3 Rh5 53. Rfxe6 Rxe6 54. Rxe6 Rxh2 55. Rxb6 Kg7 56. Rb5 g5 57. Rxd5 Kf6 58. Rxa5 Rb2 59. b4 g4 60. Ra8 Kf7 61. Rh8 g3 62. Rh1 g2 63. Rg1 Ke6 64. Kc4 Kd6 65. Kb5 Kc7 66. Ka6 Rf2 67. c4 Rf6+ 68. Kb5 Rg6 69. Ka5 Rg3 70. b5 Rg5 71. Kb4 Rg4 72. a5 Kb7 73. Kc5 Kc7 74. Kd5 Rg5+ 75. Ke4 Kd7 76. Kf3 Rc5 77. Rxg2 Rxc4 78. Rb2 Kc7 79. b6+ Kb8 80. Rb5 Ra4 81. Ke3 Kb7 82. Kd3 Ra1 83. Kc2 Ra4 84. Kb3 Ra1 85. Kb4 Rb1+ 86. Kc5 Rc1+ 87. Kd6 Rd1+ 88. Rd5 Ra1 89. Rc5 Rd1+ 90. Rd5 Ra1 91. Kd7 Kb8 92. Rc5 Kb7 93. Rd5 Ra2 94. Ke8 Re2+ 95. Kd8 Ra2 96. Rd7+ Kb8 97. Ke7 Re2+ 98. Kd6 Rd2+ 99. Kc6 Rc2+ 100. Kb5 Rb2+ 101. Ka6 Kc8 102. Rh7 Rb1 103. Ka7 Ra1 104. a6 Rb1 105. b7+ Kd8 106. b8Q+ Rxb8 107. Kxb8 1-0

[Event "New York Fall Futurity"]
[Site "New York"]
[Date "2001.10.21"]
[Round "4"]
[White "Treger, Effim"]
[Black "Feldman, Yevgeny"]
[Result "1/2-1/2"]
[WhiteElo "2211"]
[BlackElo "2260"]
[PlyCount "116"]
[EventDate "2001.10.19"]
[EventType "swiss"]
[EventRounds "9"]
[EventCountry "USA"]
[SourceTitle "CBM 085 Extra"]
[Source "ChessBase"]
[SourceDate "2002.01.21"]
[SourceVersion "1"]
[SourceVersionDate "2002.01.21"]
[SourceQuality "1"]

1. Nf3 Nf6 2. d4 d5 3. Bg5 c6 4. Bxf6 exf6 5. Nbd2 Bg4 6. h3 Bxf3 7. Nxf3 Qb6 8. Qc1 Nd7 9. e3 g6 10. Bd3 Bg7 11. c3 f5 12. Qc2 Nf6 13. 0-0-0 Qc7 14. Rdg1 0-0-0 15. g4 f4 16. g5 Nd7 17. Nd2 fxe3 18. fxe3 f5 19. h4 Rde8 20. Rh3 Re7 21. Nf1 Rhe8 22. Qh2 Qa5 23. b4 Qa3+ 24. Qb2 Qxb2+ 25. Kxb2 Kc7 26. Rg2 Nb6 27. Kb3 Nc8 28. Rgg3 Nd6 29. Nd2 Rf7 30. Rf3 a5 31. a3 axb4 32. axb4 Ra8 33. Rh1 Re7 34. h5 Rae8 35. hxg6 hxg6 36. Rh7 Bf6 37. Rh6 Bxg5 38. Rxg6 Bxe3 39. Nf1 f4 40. Kc2 Ra8 41. Kb2 b5 42. Rh3 Rf8 43. Rhh6 Rd7 44. Re6 Bg1 45. Reg6 Bf2 46. Rh2 Be1 47. Re6 Bg3 48. Rhh6 Rff7 49. Reg6 Rg7 50. Rf6 Be1 51. Rh2 Rdf7 52. Re6 Re7 53. Rf6 Rgf7 54. Rg6 f3 55. Rhh6 Rd7 56. Re6 f2 57. Rhg6 Rf3 58. Kc2 Rh3 1/2-1/2

[Event "Manhattan CC-ch"]
[Site "New York"]
[Date "1999.09.25"]
[Round "2"]
[White "Treger, Effim"]
[Black "Ross, Phillip E"]
[Result "1/2-1/2"]
[WhiteElo "2253"]
[BlackElo "2138"]
[PlyCount "59"]
[EventDate "1999.09.24"]
[EventType "swiss"]
[EventRounds "5"]
[EventCountry "USA"]
[SourceTitle "EXT 2000"]
[Source "ChessBase"]
[SourceDate "1999.11.16"]
[SourceVersion "1"]
[SourceVersionDate "1999.11.16"]
[SourceQuality "1"]

1. e4 c5 2. Nf3 g6 3. h4 d5 4. exd5 Nf6 5. Bb5+ Nbd7 6. Nc3 Bg7 7. h5 Nxh5 8. Ng5 0-0 9. Nxh7 Kxh7 10. g4 Ndf6 11. gxh5 gxh5 12. Be2 Rh8 13. Bxh5 Kg8 14. Bf3 Rxh1+ 15. Bxh1 Qd6 16. Qf3 Qh2 17. Bg2 Bg4 18. Qg3 Qg1+ 19. Bf1 Qxg3 20. fxg3 Rd8 21. Bg2 Nh5 22. Ne2 Be5 23. d4 cxd4 24. Bf4 Bxf4 25. Nxf4 Nxg3 26. Kf2 Nf5 27. Rg1 Kf8 28. Be4 Ne3 29. c3 Bf5 30. Bf3 1/2-1/2

[Event "Marshall CC int prel"]
[Site "New York"]
[Date "1995.??.??"]
[Round "4"]
[White "Treger, Effim"]
[Black "Alexopoulos, Georgios"]
[Result "1-0"]
[WhiteElo "2175"]
[BlackElo "2335"]
[PlyCount "39"]
[EventDate "1995.08.??"]
[EventType "tourn"]
[EventRounds "5"]
[EventCountry "USA"]
[SourceTitle "EXT 2002"]
[Source "ChessBase"]
[SourceDate "2001.11.25"]
[SourceVersion "1"]
[SourceVersionDate "2001.11.25"]
[SourceQuality "1"]

1. d4 Nf6 2. Nf3 d5 3. c4 c6 4. cxd5 cxd5 5. Bf4 Nc6 6. Nc3 Ne4 7. Qb3 Nxc3 8. bxc3 g6 9. e4 dxe4 10. Ng5 e6 11. Nxe4 f5 12. Ng5 Qd5 13. Bc4 Qxg2 14. 0-0-0 Bh6 15. Rhg1 Qxf2 16. Rdf1 Qh4 17. Bxe6 Rf8 18. Bxc8 Rxc8 19. Qxb7 Ne7 20. Qb5+ 1-0

[Event "Marshall CC int fin"]
[Site "New York"]
[Date "1995.??.??"]
[Round "2"]
[White "Treger, Effim"]
[Black "Bonin, Jay R"]
[Result "0-1"]
[WhiteElo "2175"]
[BlackElo "2360"]
[PlyCount "62"]
[EventDate "1995.08.??"]
[EventType "schev"]
[EventRounds "4"]
[EventCountry "USA"]
[EventCategory "4"]
[SourceTitle "EXT 2002"]
[Source "ChessBase"]
[SourceDate "2001.11.25"]
[SourceVersion "1"]
[SourceVersionDate "2001.11.25"]
[SourceQuality "1"]

1. e4 c5 2. Nf3 Nc6 3. d4 cxd4 4. Nxd4 e5 5. Nxc6 bxc6 6. Nc3 Nf6 7. Bc4 Bb4 8. 0-0 0-0 9. Bg5 h6 10. Bh4 g5 11. Bg3 d6 12. Qe2 Qe7 13. h4 Bg4 14. Qd3 Nh5 15. hxg5 hxg5 16. a3 Bc5 17. Na4 Be2 18. Qxe2 Nxg3 19. Qg4 Nxf1 20. Rxf1 Kg7 21. Nxc5 dxc5 22. g3 Rad8 23. f4 f5 24. exf5 exf4 25. gxf4 Rd4 26. Be6 Rh8 27. Qg2 Kf8 28. fxg5 Rh5 29. c3 Rdh4 30. Rf3 Qd6 31. Rf1 Rxg5 0-1

[Event "Marshall CC int fin"]
[Site "New York"]
[Date "1995.??.??"]
[Round "3"]
[White "Treger, Effim"]
[Black "Vucic, Mladen"]
[Result "1/2-1/2"]
[WhiteElo "2175"]
[BlackElo "2370"]
[PlyCount "40"]
[EventDate "1995.08.??"]
[EventType "schev"]
[EventRounds "4"]
[EventCountry "USA"]
[EventCategory "4"]
[SourceTitle "EXT 2002"]
[Source "ChessBase"]
[SourceDate "2001.11.25"]
[SourceVersion "1"]
[SourceVersionDate "2001.11.25"]
[SourceQuality "1"]

1. e4 e5 2. Nf3 Nc6 3. Bb5 a6 4. Ba4 Nf6 5. 0-0 Nxe4 6. d4 b5 7. Bb3 d5 8. dxe5 Be6 9. a4 b4 10. a5 Nc5 11. Bg5 Qd7 12. Nbd2 h6 13. Bh4 g5 14. Bg3 Be7 15. c3 bxc3 16. bxc3 Bg4 17. Qc2 Bf5 18. Qd1 Bg4 19. Qc2 Bf5 20. Qd1 Bg4 1/2-1/2